| 000 | 00635nam a2200133Ia 4500 | ||
|---|---|---|---|
| 008 | 171212s9999 xx 000 0 und d | ||
| 020 | _a9780833085313 | ||
| 100 | _aRostker, Bernard D.;Nemfakos, Charles;Leonard, Henry A.;Axelband, Elliot;Doll, Abby | ||
| 245 |
_cRostker, Bernard D.;Nemfakos, Charles;Leonard, Henry A.;Axelband, Elliot;Doll, Abby _aBuilding Toward an Unmanned Aircraft System Training Strategy |
||
| 260 |
_bRAND Corporation _c2014 |
||
| 650 | _aBusiness | ||
| 650 | _aDrone aircraft -- United States; Drone aircraft pilots -- Training of -- United States | ||
| 856 | _uhttp://www.jstor.org/stable/10.7249/j.ctt14bs36s | ||
| 999 |
_c351823 _d351823 |
||